| 000 | 00856nam a2200181Ia 4500 | ||
|---|---|---|---|
| 008 | 090124s9999 xx 000 0 und d | ||
| 082 |
_b26971 _a6928 |
||
| 100 | _aचोरघडे वामन | ||
| 245 | _a" दानपसावो (ज्ञानेश्र्वरीतील दृष्टांचाते आगळे कथा रुप)""" | ||
| 250 | _a1 | ||
| 260 | _c1992 | ||
| 300 | _a72 | ||
| 600 | _aचोरघडे वामन | ||
| 630 | _a" दानपसावो (ज्ञानेश्र्वरीतील दृष्टांचाते आगळे कथा रुप)""" | ||
| 700 | _aचोरघडे वामन | ||
| 730 | _a" दानपसावो (ज्ञानेश्र्वरीतील दृष्टांचाते आगळे कथा रुप)""" | ||
| 942 | _cBOOK | ||
| 999 |
_c140441 _d140441 |
||